000
00350nam a2200145Ia 4500
008
090122s9999 xx 000 0 und d
082
_b
10242
100
_a
ए
_b
पी
_c
जी
245
_a
अग्निपंख
600
_a
ए
630
_a
अग्निपंख
700
_a
ए
730
_a
अग्निपंख
942
_c
BOOK
999
_c
34319
_d
34319